Beneath the sea in 3-D

Dive into the world's most exotic waters without even getting wet! This amazing collection of stereoscopic photographs brings to life the spectacular creatures of the deep like never before. A truly foolproof 3-D experience, Beneath the Sea in 3-D is complete with lenses innovatively bound in t...

Cur síos iomlán

Đã lưu trong:
Sonraí Bibleagrafaíochta
Príomhúdar: Blum, Mark
Formáid: Leabhar
Teanga:Undetermined
Foilsithe: California Chronicle Books 1997
Ábhair:
Clibeanna: Cuir Clib Leis
Gan Chlibeanna, Bí ar an gcéad duine leis an taifead seo a chlibeáil!
Thư viện lưu trữ: Trung tâm Học liệu Trường Đại học Cần Thơ
LEADER 01159nam a2200205Ia 4500
001 CTU_149354
008 210402s9999 xx 000 0 und d
082 |a 591.920222 
082 |b B658 
100 |a Blum, Mark 
245 0 |a Beneath the sea in 3-D 
245 0 |c Mark Blum 
260 |a California 
260 |b Chronicle Books 
260 |c 1997 
520 |a Dive into the world's most exotic waters without even getting wet! This amazing collection of stereoscopic photographs brings to life the spectacular creatures of the deep like never before. A truly foolproof 3-D experience, Beneath the Sea in 3-D is complete with lenses innovatively bound in the hardback cover at precisely the right viewing distance to allow you to go 'inside the photograph' and perceive depth and detail far beyond the ability of normal human vision. See eye-to-eye with a luminescent angelfish, go one-on-one with a lively shrimp, and swim surprisingly close to an ethereal jellyfish. 
650 |a Marine animals,Marine animals,Stereoscopic views 
650 |x Pictorial works 
904 |i Trọng Hiếu 
980 |a Trung tâm Học liệu Trường Đại học Cần Thơ